000 00652nam a2200289Ia 4500
005 20260324145208.0
008 008 260324s9999 xx 000 0 eng d
020 _a9781003607021
037 _aEBOOK
040 _aCRL
040 _beng
040 _cCRL
041 _2eng
041 _aeng
084 _qCRL
100 _aMalcolm Barnes
_91222097
245 0 _aAugustus Hare
245 0 _bVictorian Gentleman
260 _bTaylor and Francis
260 _c1984
365 _a
365 _b145
856 _uhttp://www.taylorfrancis.com/books/9781003607021
942 _cEBOOK
999 _c1829675
_d1829675